| 000 | 00600nam a2200193Ia 4500 | ||
|---|---|---|---|
| 999 |
_c2777 _d2777 |
||
| 003 | GBCCL | ||
| 005 | 20241126110439.0 | ||
| 008 | 170919b xxu||||| |||| 00| 0 eng d | ||
| 040 | _cgbc | ||
| 082 |
_a266 _bEBY |
||
| 100 |
_aEby, James R. _95873 |
||
| 245 |
_aWorld impacting churches : _b10 essential characteristics for changing the world and finishing the great commission |
||
| 260 |
_aMustang, OK : _bTate Publishing, _c©2007. |
||
| 300 | _a232p. | ||
| 650 |
_aMissions _zworld _95874 |
||
| 650 |
_aGreat Commission (Bible) _95893 |
||
| 650 |
_aEvangelistic work. _9290 |
||
| 942 |
_2ddc _cBK _034 |
||